00768nam a2200229 i 4500001001000000003000900010005001700019007000300036008004100039040003000080049000900110082001900119245004600138264008400184300002700268336002700295337003300322338002800355942001300383952012500396999001700521000031970DO-SdBNP20250611105004.0ta110707s1974 dr a 000 0 spa d aDO-SdBNPbspacBNPHUerda aBNPD 4axxxxbD67122200aDominican Republic :binvestors handbook. 1aSanto Domingo :bAmerican Chamber of Commerce of the Dominican Republic,c1974. a39 páginas ;c23 cm. atextobtxt2rdacontent asin mediaciónbn2rdamedia avolumenbnc2rdacarrier 2ddccLF2 00102ddc51708PDaBNPHUbBNPHUcCTd2011-07-07l0oBNPHU PD D671p31970-10r2020-06-25w2020-06-25yLF2ZNo se presta c31461d31461